00570nam a2200205Ia 4500003000400000005001700004008004100021020001900062040000700081041000800088082001500096100001800111245002600129260002000155300000900175650002000184942001300204999001900217952012800236OSt20251017092940.0250729s2003 xx 000 0 und d a81-257-0038-42 cAL aeng a425.1 RIVH aRiver9223215 aHow to write a letter aNew Delhic2003 a160p aEnglish9223216 2ddccBED c235792d235792 00104070aALbALd2025-07-29eBook Exhibitiong58.00l0o425.1 RIVHpBED01111r2025-07-29 16:54:18v58.00w2025-07-29yBK